An introduction to Indian philosophy (Record no. 12862)

MARC details
000 -LEADER
fixed length control field 00402nam a22001577a 4500
003 - CONTROL NUMBER IDENTIFIER
control field OSt
008 - FIXED-LENGTH DATA ELEMENTS--GENERAL INFORMATION
fixed length control field 240829b |||||||| |||| 00| 0 eng d
020 ## - INTERNATIONAL STANDARD BOOK NUMBER
International Standard Book Number 9788129111951
082 ## - DEWEY DECIMAL CLASSIFICATION NUMBER
Classification number 181.4
Item number CHI
100 ## - MAIN ENTRY--PERSONAL NAME
Personal name CHATTERJEE, Satischandra
245 ## - TITLE STATEMENT
Title An introduction to Indian philosophy
260 ## - PUBLICATION, DISTRIBUTION, ETC. (IMPRINT)
Place of publication, distribution, etc New Delhi:
Name of publisher, distributor, etc V & S Publishers,
300 ## - PHYSICAL DESCRIPTION
Extent xvii,404p.
942 ## - ADDED ENTRY ELEMENTS (KOHA)
Source of classification or shelving scheme Dewey Decimal Classification
Koha item type Text Books
Holdings
Withdrawn status Lost status Source of classification or shelving scheme Damaged status Not for loan Collection code Home library Current library Date acquired Source of acquisition Currency Cost, normal purchase price Bill Number Total Checkouts Full call number Acc. no. / Barcode Checked out Date last seen Date last borrowed Actual Cost, discounted price Bill Date Koha item type
    Dewey Decimal Classification     IKS- Indian Knowledge System PIET C-LIBRARY PIET C-LIBRARY 29/08/2024 Zafaa Books and Distributors INR 295.00 ZBD0153 1 181.4 CHI 38419 26/10/2026 08/04/2026 08/04/2026 200.60 24/08/2024 Text Books

Design & Developed by: PIET Central Library
R70 Miles Stone Pattikalyana Samalkha Panipat 132102
mail ID :- [email protected], Phone No:- 0180-2569700 Ex.216